000 00965cam a2200301 4500
001 J1388
008 090401t1993 xxu||||| |||| 00| 0 eng d
035 _a(Sirsi) u43262
041 _aeng
050 _a333.337016
110 _aHillier Parker Research
_92002
245 _aICHP rent index . - February - May 1993.
260 _aLondon
_bHillier Parker May and Rowden
_c1993
300 _a2 pt. ; 30cm.
350 _a0
520 _aPublished quarterly. - Previously published as part of ICHP Property Market Indicators q.v. - From August 1993 entitled Hillier Parker Rent Index q.v.
650 _aICHP RENT INDEX
650 _aINDEXES
650 _aINDUSTRIAL PROPERTY
650 _aOFFICES
650 _aPROPERTY MARKET INDICATORS
650 _aRENT INDEX
650 _aSHOPS
690 _aPROPERTY-COMMERCIAL PROPERTY-COMMERCIAL PROPERTY FINANCE AND INVESTMENT
710 _aInvestors Chronicle
_92657
942 _n0
948 _c04/03/1997
999 _c91281
_d91281